000 02301cam a22004934i 4500
003 PE-LiUPU
005 20250731172937.0
008 150623s r 000 0 d
020 _a0802842674
035 _a(Sirsi) i9780802842671
040 _aPE-LiUPU
_bspa
_cPE-LiUPU
_erda
049 _aPRUA
082 0 4 _a261.57
_bG31
_221
245 0 4 _aThe grotesque in art and literature :
_btheological reflections /
_cEditado por James Luther Adams y Wilson Yates, [con Una Obra inédita de Robert Penn Warren].
264 1 _aMichigan :
_bWilliam B. Eerdmans Publishing Company,
_c1997.
300 _a279 páginas :
_bilustraciones, gráficos ;
_c23 centímetros
336 _atext
_2rdacontent
337 _aunmediated
_2rdamedia
338 _avolume
_2rdacarrier
504 _aBibliografía al pie de páginas.
505 0 _aAn introduction to the grotesque: theoretical and theological considerations. -The grotesque and our future. -The grotesque, theologically considered. -Carnal abominations: the female body as grotesque. -Hieronymus bosch: the grotesque and we. -Ugly beauty in Christian art. -Francis Bacon: the iconography of crucifixion, grotesque imagery, and religious meaning. -Grinning death's-head: Hamlet and the vision of the grotesque. -The religious dimensions of the grotesque in literature: Toni Morrison's Beloved. -The dramatic version of Ballad of a sweet dream of peace: A charade for easter, with the author's introduction.
526 _aSEG42
526 _aSEG41
526 _aSEG40
526 _aSEG39
526 _aP94
526 _aP87
526 _aP86
526 _aP85
526 _aP77
526 _aP76
526 _aP35
650 0 4 _aArte grotesco.
650 0 4 _aArte y la religión.
700 1 _aAdams, James Luther,
_d1901-1994,
_eed.
700 1 _aWarren, Robert Penn1905-1989
700 1 _aYates, Wilson,
_eed.
942 _2ddc
_cBOOK
949 _a261.57 G31
_wDEWEY
_c1
_i44412
_lCCODEBUL1
_mBUL
_r0
_sY
_tBOOK
_u2015-6-24
_xTEOLOGIA
_PP35
_0COMPRA
_o.STAFF. Colección General
994 _aC0
_bPEPRU
596 _a1
999 _a261.57 G31
_wDEWEY
_c21292
_i44412
_f2021-11-10
_g5
_lCCODEBUL1
_mBUL
_r0
_sY
_tBOOK
_u2015-6-24
_xTEOLOGIA
_PP35
_0COMPRA
_o.STAFF. Colección General
_d21292
980 _81
_gALBERTO SANCHEZ Responsable de Automatización